Temas hispanoamericanos en su quinto centenario

Gorde:
Xehetasun bibliografikoak
Egile nagusia: Zavala, Silvio Arturo (Egilea)
Formatua: Liburua
Hizkuntza:gaztelania
Argitaratua: Ciudad de México Porrúa 1986
Gaiak:
Etiketak: Etiketa erantsi
Etiketarik gabe, Izan zaitez lehena erregistro honi etiketa jartzen!

MARC

LEADER 00000nam a2200000 a 4500
001 UCV2958
003 CL-VaPUC
008 930119e19860000MX |||||||||||||||||spa|d
082 0 4 |a 340.098  |b ZAV  |2 21 
100 0 |a Zavala, Silvio Arturo  |e author  |9 297259 
245 1 0 |a Temas hispanoamericanos en su quinto centenario 
300 |a 245 p 
942 |c BK 
945 |d 19930119 00:00:00 
260 |a Ciudad de México  |b Porrúa  |c 1986 
600 0 7 |a CORTES, HERNAN  |2 CL-VaPUC  |9 258554 
650 7 |a DERECHO  |2 CL-VaPUC  |9 297260 
650 0 |a Historia y crítica   |9 257407 
650 7 |a CONQUISTAS  |2 CL-VaPUC  |9 258556 
650 0 |a Encomiendas  |9 258557 
650 0 |a Esclavos  |9 258558 
650 0 |a Derecho internacional  |9 255637 
583 |a last modification  |c 19930119 00:00:00  |k Rodrigo Vera 
999 |c 210389  |d 210387 
952 |0 0  |1 0  |4 0  |6 340_098000000000000_ZAV_1986  |7 0  |8 DER_HDC  |9 186576  |a BIBDER  |b BIBDER  |d 2019-11-14  |i 2540851  |o 340.098 ZAV 1986  |p 2540851  |r 2023-01-25  |w 2019-11-14  |x Ubicación 4to Piso  |y BK  |z Estos recursos deben solicitarse con anticipación  |k DER